Slovenské poľnohospodárstvo potrebuje zmenu

Uložené v:
Podrobná bibliografia
Hlavný autor: Prachár, Ivan
Médium: Kniha
Jazyk:Slovak
Vydavateľské údaje: Bratislava Prognostický ústav SAV 2005
Edícia:Pracovné materiály č. 8
Predmet:
Tagy: Pridať tag
Žiadne tagy, Buďte prvý, kto otaguje tento záznam!

MARC

LEADER 00000nam$a2200000$$$4500
001 0052985
005 20221014084854.3
022 |a 0862-9137 
041 0 |a slo 
044 |a SK 
245 1 0 |a Slovenské poľnohospodárstvo potrebuje zmenu  |c Ivan Prachár 
264 1 |a Bratislava  |b Prognostický ústav SAV  |c 2005 
300 |a 27 s. 
490 1 |a Pracovné materiály  |v č. 8 
830 0 |a Pracovné materiály  |v č. 8 
610 2 0 |a poľnohospodárstvo 
610 2 0 |a výroba poľnohospodárska 
610 2 0 |a transformácia 
610 2 0 |a integrácia ekonomická medzinárodná 
610 2 0 |a globalizácia 
610 2 0 |a Slovensko 
610 2 0 |a Európska únia 
100 1 |a Prachár, Ivan